Joueurs passés par le FC Sochaux-Montbéliard - Mort subite - Statistiques

Statistiques générales
  • Ce quiz a été pris 122 fois
  • Le résultat moyen est 8 sur 20
Answers on the Grid
Answers color-coded by a green-red scale on the quiz's grid according to % correct below.
Joël Bats
Ryad Boudebouz
Cédric Bakambu
Marcus Thuram
Maxence Lacroix
Aldo Kalulu
Jérémy Mathieu
Marvin Martin
Gaétan Weissbeck
Jérémy Ménez
Franck Honorat
Ibrahima Konaté
Karl Toko-Ekambi
Jordan Ayew
Dimitri Liénard
Omar Daf
Benoît Pedretti
Sébastien Corchia
Franck Sauzée
Jonathan Mexique
Maxime Bossis
Michael Olise
Granit Xhaka
Gerd Müller
Julien Cazarre
Ronaldinho
Aurélien Tchouaméni
Jules Koundé
Wahbi Khazri
Hatem Ben Arfa
Pavel Šulc
Zlatan Ibrahimović
Gédéon Kalulu
Pierre Kalulu
Khéphren Thuram
Thierno Barry
 
Statistiques - réponses
Réponse % Correct
Marvin Martin
65%
Ryad Boudebouz
58%
Jérémy Mathieu
55%
Marcus Thuram
50%
Maxence Lacroix
50%
Benoît Pedretti
48%
Omar Daf
48%
Cédric Bakambu
45%
Gaétan Weissbeck
45%
Jérémy Ménez
45%
Sébastien Corchia
42%
Franck Sauzée
39%
Karl Toko-Ekambi
35%
Aldo Kalulu
34%
Ibrahima Konaté
34%
Dimitri Liénard
31%
Joël Bats
29%
Jordan Ayew
27%
Jonathan Mexique
24%
Franck Honorat
19%
Aucun quiz correspondant
Distribution des résultats
% des personnes avec chaque résultat
Percentile par nombre de réponses
Votre historique - résultats
Vous n’avez pas pris ce quiz